000 00664nam a2200265Ia 4500
005 20260121170652.0
008 008 260114s9999 xx 000 0 eng d
020 _a9783658231958
037 _aEBOOK
040 _aCRL
040 _beng
040 _cCRL
041 _2eng
041 _aeng
084 _qCRL
100 _aChristoph Michael Hindermann
_91066717
245 4 _aThe Impact of Economic Freedom on State Legitimacy
260 _bSpringer
260 _bSpringer
260 _c2018
856 _uhttps://link.springer.com/openurl?genre=book&isbn=978-3-658-23195-8
942 _cEBOOK
999 _c1632447
_d1632447